000 00517nam-a2200169-a-4500
001 000131460
003 AM-YeHGA
005 20250617162203.0
008 990422s1947 xxu 000 0 rus u
040 _aAM-YeHGA
100 1 0 _aТихонравов, Н.В.
245 1 0 _aНефть /
_cН.В. Тихонравов.
260 0 _aЛ.,
_aМосква :
_bГостоптехиздат. Ленингр. отд-ние ,
_c1947.
300 _a156 с.
650 1 4 _aОрганическая химия
090 _c487946
999 _c484581
_d484581